000 00395nam a22001337a 4500
008 131210b xxu||||| |||| 00| 0 eng d
050 _aBX 1755 .P828 1985
100 _aPopieluszko
_95403
245 _aLE Chemin DE ma Croix
_bMesses a Varsovie
_cPopieluszko
260 _aParis
_bCana
_c1985
300 _axi, 198p. ;
_c21cm.
650 _aCatholic Church
_xSermon
_95404
942 _2lcc
_cMONOGRAPH
999 _c119162
_d119162